2019-2020 Baltimore Ravens Current Roster - Statistics

General Stats
  • This quiz has been taken 498 times
  • The average score is 20 of 41
Answer Stats
Hint Answer % Correct
QB Lamar Jackson
100%
TE Mark Andrews
88%
WR Marquise Brown
87%
RB Mark Ingram
84%
OL Orlando Brown
83%
RB Gus Edwards
77%
K Justin Tucker
77%
QB Robert Griffin
75%
CB Marlon Humphrey
69%
Coach John Harbaugh
68%
WR Willie Snead
65%
FS Earl Thomas
64%
TE Nick Boyle
63%
TE Hayden Hurst
62%
OL Ronnie Stanley
62%
P Sam Koch
60%
CB Jimmy Smith
58%
OL Marshal Yanda
58%
KR Justice Hill
57%
QB Trace McSorley
55%
DT Brandon Williams
54%
LB Matthew Judon
48%
WR Miles Boykin
45%
DE Michael Pierce
36%
WR Seth Roberts
35%
SS Tony Jefferson
34%
LS Morgan Cox
32%
CB Tavon Young
31%
LB Kenny Young
30%
OL Matt Skura
29%
WR Chris Moore
26%
CB Brandon Carr
25%
LB Tyrus Bowser
21%
DT Patrick Ricard
19%
LB Patrick Onwuasor
18%
DE Chris Wormley
15%
RB Kenneth Dixon
14%
FS Anthony Levine
13%
OL Alex Lewis
12%
WR Jordan Lasley
4%
CB Justin Bethel
4%
No matching quizzes found
Score Distribution
Percent of People with Each Score
Percentile by Number Answered
Your Score History
You have not taken this quiz